000 01886nam a2200241Ia 4500
003 Ost
005 20260507074927.0
008 260507s9999||||xx |||||||||||||| ||und||
020 _a9789957331399
040 _cfsecg
041 _aara
082 _a657.835
100 _aالدلاهمة، سليمان مصطفى
_eمؤلف
245 0 _aأساسيات نظم المعلومات المحاسبية وتكنولوجيا المعلومات /
_c سليمان مصطفى الدلاهمة
260 _aعمان:
_bمؤسسة الوراق,
_c2007
300 _a730 صفحة؛
_bإيضاحات ؛
_c24 سم
520 _aالمدخل الى نظم المعلومات، دور المعلومات المحاسبية وقيمة المعلومات في اتخاذ القرارات في ظل ظروف التأكد المخاطرة وعدم التأكد، نظم المعلومات المحاسبية واهمية استخدام الحاسب الالي، نظم المعلومات المحاسبية والتخطيط، نظم المعلومات المحاسبية والرقابة، اطار نظم المعلومات المحاسبية الادارية، محاسبة التكاليف كنظام لتشغيل البيانات، تحليل التكلفة المنفعة في تقييم النظم، تكنولوجيا المعلومات والاتصالات، أدوات التحليل نظم المعلومات، ادارة قواعد البيانات، استخدام برنامج اكسل في اعداد السجلات والتقارير المحاسبية وتحليل التكاليف، استخدام برنامج اكسل في اعداد القوائم المالية
653 _aالمحاسبة تامالية
653 _aالمعلومات
653 _aتاتكنولوجيا
653 _aنظم المعلومات- المؤسسة الممتدة
942 _cكتاب
999 _c41835
_d41835